Le bon métier (click quiz) - Statistiques

Statistiques générales
  • Ce quiz a été pris 57 fois
    46 depuis la dernière actualisation
  • Le résultat moyen est 7 sur 11
Statistiques - réponses
Hint Réponse % Correct
Celui qui fabrique des horloges loger
95%
Celui qui vend du poisson nier
80%
Celui qui fabrique le pain langer
78%
Celui qui tient un hôtel lier
76%
Celui qui vend des livres raire
68%
Celui qui s'occupe du secrétariat taire
63%
Artisan spécialisé dans les plâtres trier
63%
Celui qui travaille la nacre crier
61%
Celui qui est chargé du secrétariat dans un tribunal fier
51%
Celui qui fait des reportages porter
37%
Celui qui gère une entreprise nager
24%
Aucun quiz correspondant
Distribution des résultats
% des personnes avec chaque résultat
Percentile par nombre de réponses
Votre historique - résultats
Vous n’avez pas pris ce quiz depuis la dernière actualisation